【サドンデス】エポニム - Statistics

General Stats
  • This quiz has been taken 114 times
  • The average score is 8 of 20
Answers on the Grid
Answers color-coded by a green-red scale on the quiz's grid according to % correct below.
テディベア
インゲン豆
モルック
レントゲン
ブラシ
しょっつる
ルービックキューブ
ブラウン管
アセロラ
ビリヤニ
孫の手
コーンロウ
ブロマイド
川柳
レオタード
のろま
サルコウ
包丁
サボタージュ
シルエット
コンソメ
ギロチン
フィナンシェ
ステーキ
カーディガン
たくあん
サンドイッチ
コンドーム
備長炭
ニコチン
 
Answer Stats
Answer % Correct
レントゲン
81%
テディベア
71%
サンドイッチ
70%
ルービックキューブ
59%
ブラウン管
59%
ギロチン
59%
たくあん
56%
サルコウ
52%
インゲン豆
48%
レオタード
47%
カーディガン
42%
川柳
40%
シルエット
40%
包丁
30%
孫の手
23%
ニコチン
23%
コンドーム
18%
備長炭
11%
のろま
8%
ステーキ
4%
No matching quizzes found
Score Distribution
Percent of People with Each Score
Percentile by Number Answered
Your Score History
You have not taken this quiz